[Event "Moscow Open 2009 B"]
[Site "www.moscowchessopen.ru"]
[Date "2009.02.04"]
[Round "5.45"]
[White "Lisinov, Viacheslav"]
[Black "Mikhailov, Alexander B."]
[Result "0-1"]
[WhiteElo "2129"]
[BlackElo "2227"]
[Annotator ""]
[Source ""]
[Remark ""]

1.e4 c5 2.c3 Nf6 3.e5 Nd5 4.g3 d6 5.exd6 e6 6.Bg2 Bxd6 7.Nf3
Nc6 8.d4 O-O 9.O-O Qc7 10.Na3 a6 11.Nc4 Be7 12.Ne3 Nf6 13.a4
Rd8 14.Qc2 cxd4 15.Nxd4 Nxd4 16.cxd4 Qxc2 17.Nxc2 Rb8 18.Bf4
Bd6 19.Bd2 b6 20.Nb4 Bxb4 21.Bxb4 Bb7 22.Rac1 Bxg2 23.Kxg2 Rxd4
24.Ba3 Rxa4 25.Rc6 Nd5 26.Rfc1 h6 27.Bd6 Rb7 28.b3 Ra2 29.Be5
Ra3 30.Rc8+ Kh7 31.Ra8 Rxb3 32.Rcc8 a5 33.h4 h5 34.g4 hxg4 35.h5
Kh6 36.Rh8+ Kg5 37.Bxg7 Nf4+ 38.Kh2 Rh3+ 39.Kg1 Rxh5 40.Rhg8
Kf5 41.Bb2 Rd7 42.Rad8 Rxd8 43.Rxd8 Nd5 44.Kg2 Rh3 45.Bd4 Nf4+
46.Kg1 Ne2+ 0-1

[Event "Moscow Open 2009 B"]
[Site "www.moscowchessopen.ru"]
[Date "2009.02.04"]
[Round "5.46"]
[White "Bereznev, Andrey"]
[Black "Shmatkov, Mikhail"]
[Result "0-1"]
[WhiteElo "2122"]
[BlackElo "2219"]
[Annotator ""]
[Source ""]
[Remark ""]

1.d4 Nf6 2.c4 c5 3.d5 e6 4.Nc3 exd5 5.cxd5 d6 6.e4 g6 7.f4 Bg7
8.Nf3 O-O 9.Be2 b5 10.e5 dxe5 11.fxe5 Ng4 12.Bxb5 Nxe5 13.O-O
Bg4 14.Be2 Nbd7 15.Bf4 Bxf3 16.Bxf3 Qb6 17.Qb3 Nd3 18.Qxb6 axb6
19.Bd6 Rfe8 20.Be2 Nxb2 21.Bb5 Ra7 22.Rac1 Re3 23.Rf3 Bd4 24.Kf1
Rxf3+ 25.gxf3 Ne5 26.Ne2 Nxf3 27.Rc2 Nd1 28.Bf4 Be5 29.Bxe5 Nxe5
30.Rd2 Ne3+ 31.Kf2 N3c4 32.Rc2 Nd6 33.Nc3 Ra3 34.Bc6 Rxc3 0-1

[Event "Moscow Open 2009 B"]
[Site "www.moscowchessopen.ru"]
[Date "2009.02.04"]
[Round "5.47"]
[White "Shamugia, Shavleg"]
[Black "Savchuk, Vladimir"]
[Result "1-0"]
[WhiteElo "2215"]
[BlackElo "2081"]
[Annotator ""]
[Source ""]
[Remark ""]

1.d4 Nf6 2.Nf3 g6 3.Bg5 Bg7 4.Nbd2 c5 5.c3 O-O 6.e3 d5 7.Bd3
b6 8.Qe2 Bb7 9.O-O Nc6 10.Rad1 Re8 11.dxc5 bxc5 12.e4 dxe4 13.Nxe4
Nxe4 14.Bxe4 Qb6 15.Rfe1 Rad8 16.h4 Ba6 17.Qe3 Bc4 18.b3 Be6
19.Bxc6 Qxc6 20.Rxd8 Rxd8 21.Bxe7 Rc8 22.c4 h6 23.Qf4 a5 24.Bf6
a4 25.Bxg7 Kxg7 26.h5 g5 27.Qe5+ Kh7 28.Qf6 axb3 29.axb3 Rg8
30.Ne5 Qc7 31.Ng4 Bxg4 32.Re7 Qxe7 33.Qxe7 Bxh5 34.Qxc5 Bg4 35.b4
Be6 36.Qd4 Rc8 37.c5 Kg8 38.b5 Kf8 39.b6 h5 40.b7 1-0

[Event "Moscow Open 2009 B"]
[Site "www.moscowchessopen.ru"]
[Date "2009.02.04"]
[Round "5.48"]
[White "Nozdrachev, Leonid"]
[Black "Kharlamov, Igor"]
[Result "1-0"]
[WhiteElo "2215"]
[BlackElo "2088"]
[Annotator ""]
[Source ""]
[Remark ""]

1.e4 c5 2.Nf3 d6 3.Bb5+ Bd7 4.Bxd7+ Qxd7 5.O-O Nc6 6.c3 Nf6 7.d4
cxd4 8.cxd4 Nxe4 9.d5 Ne5 10.Re1 Nf6 11.Nc3 g6 12.Bf4 Nxf3+ 13.Qxf3
Bg7 14.Qe2 Rc8 15.Rad1 a6 16.Na4 Rc7 17.Nb6 Qd8 18.Bd2 O-O 19.Ba5
Qe8 20.Na4 Rd7 21.Nb6 Rc7 22.Na4 Rd7 23.Bb6 Qb8 24.h3 Re8 25.Qc4
Rc8 26.Qb3 Rf8 27.Re2 Ne8 28.Qe3 Nc7 29.Rc2 Nb5 30.Nc3 Rc8 31.Qd3
Nxc3 32.bxc3 Re8 33.c4 e5 34.c5 e4 35.Qd2 dxc5 36.d6 Bd4 37.Bxc5
Bxc5 38.Rxc5 Re6 39.Qc3 Re8 40.Rc7 Red8 41.Rxd7 Rxd7 42.Qe5 b6
43.h4 h5 44.Rd5 Qd8 45.Kf1 Kh7 46.Kg1 Qxh4 47.Qd4 Qd8 48.a4 Kg8
49.Qe5 Kh7 50.Rd4 Kg8 51.Qd5 Kf8 52.Qc6 Kg7 53.Qxe4 Qf6 54.Qd5
Qd8 55.Qc6 Kh7 56.Rd1 Kg7 57.f4 f5 58.Rd5 Kh6 59.Rd3 Kh7 60.Rd1
Kh6 61.Qd5 Kg7 62.Qe6 Kh6 63.Rd3 Kh7 64.Rd2 Kh6 65.Rd4 Kh7 66.Rd3
Kh6 67.Rg3 Rg7 68.Rc3 Rd7 69.Rc6 Kh7 70.Qxd7+ 1-0

[Event "Moscow Open 2009 B"]
[Site "www.moscowchessopen.ru"]
[Date "2009.02.04"]
[Round "5.49"]
[White "Lozbenev, Pavel"]
[Black "Shuvalov, Evgenij"]
[Result "1/2-1/2"]
[WhiteElo "2095"]
[BlackElo "2213"]
[Annotator ""]
[Source ""]
[Remark ""]

1.d4 d5 2.c4 c6 3.Nc3 Nf6 4.cxd5 cxd5 5.Bf4 Nc6 6.e3 e6 7.Bd3
Be7 8.Nf3 O-O 9.h3 Bd7 10.O-O Qb6 11.a3 Rfc8 12.Na4 Qd8 13.b4
Be8 14.Qb3 h6 15.Rfc1 Bd6 16.Bxd6 Qxd6 17.Rc2 Ne7 18.Rac1 Bxa4
19.Qxa4 a6 20.Ne5 Rxc2 21.Qxc2 Ne8 22.Qa4 Qd8 23.Qd7 Qxd7 24.Nxd7
Rc8 25.Rxc8 Nxc8 26.Nc5 Ncd6 27.a4 Nc7 28.a5 Kf8 29.f3 f5 30.Kf2
Ke7 31.Kg3 g5 32.h4 Kd8 33.hxg5 hxg5 34.e4 fxe4 35.fxe4 dxe4
36.Bxe4 Nxe4+ 37.Nxe4 Nb5 38.Nc5 Kc7 39.Nxe6+ Kd7 40.Nc5+ Kc6
41.d5+ Kxd5 42.Nxb7 Kc4 43.Nc5 Kxb4 44.Nxa6+ Kxa5 1/2-1/2

[Event "Moscow Open 2009 B"]
[Site "www.moscowchessopen.ru"]
[Date "2009.02.04"]
[Round "5.50"]
[White "Potyavin, Igor"]
[Black "Yakimov, S Y"]
[Result "1-0"]
[WhiteElo "2071"]
[BlackElo "2212"]
[Annotator ""]
[Source ""]
[Remark ""]

1.d4 d5 2.c4 c6 3.Nf3 Nf6 4.Nbd2 g6 5.g3 Bg7 6.Bg2 O-O 7.O-O
Nbd7 8.Qc2 Re8 9.cxd5 cxd5 10.Nb3 Nf8 11.Nc5 Bf5 12.Qb3 b6 13.Nd3
Ne6 14.h3 Be4 15.Be3 Qc8 16.Rac1 Qb7 17.Rc3 Rac8 18.Rfc1 Rxc3
19.Qxc3 Nd7 20.Qc6 Qxc6 21.Rxc6 Rd8 22.Nde5 Nxe5 23.Nxe5 Bxg2
24.Kxg2 Bxe5 25.dxe5 Kg7 26.b4 g5 27.a4 Kg6 28.Bd4 Kf5 29.e3
Nxd4 30.exd4 Ke4 31.Rc7 Kxd4 32.Rxa7 Kc3 33.Rxe7 d4 34.Rc7+ Kxb4
35.Kf1 d3 36.Ke1 Re8 37.Rxf7 Rxe5+ 38.Kd2 Kxa4 39.Kxd3 b5 40.Rxh7
b4 1-0

[Event "Moscow Open 2009 B"]
[Site "www.moscowchessopen.ru"]
[Date "2009.02.04"]
[Round "5.51"]
[White "Anarkulov, A"]
[Black "Zarivkina, Victorya"]
[Result "1-0"]
[WhiteElo "2202"]
[BlackElo "2058"]
[Annotator ""]
[Source ""]
[Remark ""]

1.e4 c5 2.Nf3 d6 3.Bb5+ Bd7 4.Qe2 e5 5.c3 Bxb5 6.Qxb5+ Qd7 7.Na3
a6 8.Qe2 Nc6 9.Nc4 Qc7 10.O-O b5 11.Ne3 Nf6 12.d4 exd4 13.cxd4
Be7 14.d5 Nb8 15.Nf5 O-O 16.Bg5 Re8 17.Qd3 Nbd7 18.e5 Nxe5 19.Nxe5
dxe5 20.d6 Qd7 21.Nxe7+ Rxe7 22.Bxf6 Re6 23.Qe4 Rae8 24.Be7 g6
25.a4 f5 26.Qe3 c4 27.axb5 Qxb5 28.Qa3 e4 29.Qxa6 Qxb2 30.Qxc4 1-0

[Event "Moscow Open 2009 B"]
[Site "www.moscowchessopen.ru"]
[Date "2009.02.04"]
[Round "5.52"]
[White "Elfert, Aleksandr V"]
[Black "Kurukin, Dmitry"]
[Result "0-1"]
[WhiteElo "2007"]
[BlackElo "2202"]
[Annotator ""]
[Source ""]
[Remark ""]

1.Nf3 Nf6 2.g3 g6 3.Bg2 Bg7 4.O-O O-O 5.c4 d6 6.Nc3 Nc6 7.d4
a6 8.d5 Na5 9.Nd2 c5 10.Qc2 Rb8 11.b3 b5 12.Bb2 Bh6 13.f4 bxc4
14.bxc4 Ng4 15.Rf3 Bg7 16.Nd1 Rxb2 17.Nxb2 Bd4+ 18.Kh1 e5 19.Rb1
exf4 20.Rxf4 h5 21.Nd1 Be5 22.Rf3 h4 23.h3 hxg3 24.Nf1 Qh4 25.e3
Nf6 26.Rb8 Bxh3 27.Rxf8+ Kxf8 28.Bxh3 Qxh3+ 29.Kg1 Qg4 30.Qg2
Ne4 31.Rf4 Bxf4 32.Qxe4 Bxe3+ 33.Qxe3 Qxd1 34.Qh6+ Kg8 35.Qf4
Qd4+ 36.Qxd4 cxd4 37.Nd2 f5 38.Kg2 Kf7 39.Kxg3 Kf6 40.Kf4 g5+
41.Kg3 Nb7 42.Nb3 Ke5 43.Kf3 g4+ 44.Kg3 Nc5 45.Na5 d3 46.Nc6+
Kf6 47.Kf2 g3+ 0-1

[Event "Moscow Open 2009 B"]
[Site "www.moscowchessopen.ru"]
[Date "2009.02.04"]
[Round "5.53"]
[White "Spichkin, Alexander"]
[Black "Sakharov, Lev"]
[Result "0-1"]
[WhiteElo "2201"]
[BlackElo "2057"]
[Annotator ""]
[Source ""]
[Remark ""]

1.f4 Nf6 2.Nf3 g6 3.e3 Bg7 4.d4 O-O 5.Bd3 d6 6.O-O Nbd7 7.c3
Re8 8.Qb3 e5 9.Ng5 Re7 10.fxe5 dxe5 11.Nd2 Nc5 12.Qc2 Nxd3 13.Qxd3
h6 14.Nge4 Nxe4 15.Nxe4 exd4 16.Ng3 c5 17.exd4 cxd4 18.Bd2 b6
19.Rae1 Bb7 20.Rxe7 Qxe7 21.cxd4 Rd8 22.Bc3 Qd7 23.Rd1 Qd5 24.Qe2
Qxa2 25.Nf1 Qd5 26.Ne3 Qg5 27.Qf2 Re8 28.Nc4 Qd5 29.Nd2 Qh5 30.Nf3
Bxf3 31.Qxf3 Qxf3 32.gxf3 Re2 33.Ra1 a5 34.Ra4 Bf8 35.d5 Bc5+
36.Kh1 Rc2 37.Rc4 Rc1+ 38.Kg2 Rd1 39.Bxa5 Rxd5 40.b4 Bd4 41.Rxd4
Rxd4 42.Bxb6 Rxb4 43.Bc5 Rc4 44.Be3 Kg7 45.Kg3 g5 46.Bd2 Kg6 0-1

[Event "Moscow Open 2009 B"]
[Site "www.moscowchessopen.ru"]
[Date "2009.02.04"]
[Round "5.56"]
[White "Trusov, Mikhail"]
[Black "Martynenko, Alexey"]
[Result "1-0"]
[WhiteElo "2191"]
[BlackElo "1968"]
[Annotator ""]
[Source ""]
[Remark ""]

1.e4 e5 2.Nf3 Nc6 3.Bb5 a6 4.Ba4 Nf6 5.O-O Be7 6.Re1 b5 7.Bb3
d6 8.c3 O-O 9.h3 Na5 10.Bc2 c5 11.d4 cxd4 12.cxd4 Qc7 13.Nbd2
Nc6 14.d5 Nb4 15.Bb1 a5 16.a3 Na6 17.b4 axb4 18.axb4 Bd7 19.Qb3
Nc5 20.Qc3 Rxa1 21.Qxa1 Na4 22.Bd3 Rc8 23.Bb2 Nh5 24.Rc1 Qb6
25.Rxc8+ Bxc8 26.Bxe5 f6 27.Bd4 Qb8 28.Be3 g6 29.Nd4 Bd7 30.Qc1
Kf7 31.Nc6 Qb7 32.Nb3 Nb6 33.Nba5 Qc7 34.Ne5+ fxe5 35.Qxc7 1-0

[Event "Moscow Open 2009 B"]
[Site "www.moscowchessopen.ru"]
[Date "2009.02.04"]
[Round "5.57"]
[White "Yudkevich, Mikhail"]
[Black "Rossinskaya, Ljudmilla"]
[Result "1-0"]
[WhiteElo "2190"]
[BlackElo "1938"]
[Annotator ""]
[Source ""]
[Remark ""]

1.d4 Nf6 2.c4 e6 3.Nc3 d5 4.Nf3 c6 5.Bg5 Be7 6.e3 Nbd7 7.Qc2
O-O 8.cxd5 exd5 9.Bd3 h6 10.Bh4 Nh5 11.Bxe7 Qxe7 12.O-O Nhf6
13.a3 Re8 14.Rae1 Ne4 15.Bxe4 dxe4 16.Nd2 Nf6 17.f3 Bf5 18.h3
Bh7 19.f4 Nd5 20.Nc4 Nxc3 21.Qxc3 Bf5 22.Rf2 f6 23.Nd2 h5 24.Rc1
Rec8 25.Qb3+ Be6 26.Qd1 Bf7 27.Rc3 Rd8 28.f5 Rac8 29.Rf4 Bd5
30.Qc2 b6 31.Nxe4 Re8 32.Nf2 Qd6 33.Qc1 c5 34.e4 Bb7 35.d5 b5
36.Rg3 c4 37.Rff3 Kf7 38.Rg6 Qe5 39.Rfg3 Rg8 40.Qd1 h4 41.Rc3
a5 42.Qh5 Ke7 43.Qh7 Bxd5 44.exd5 Qe1+ 45.Kh2 Qe5+ 46.g3 b4 47.axb4
axb4 48.Rc2 hxg3+ 49.Rxg3 c3 50.Qh4 Qd6 51.Qe4+ Qe5 52.Qxb4+
Kf7 53.Rcxc3 Rb8 54.Qa4 Rxb2 55.Qd7+ Qe7 56.Qe6+ Qxe6 57.fxe6+
Ke7 58.Kg2 Rb5 59.Rc7+ Kd6 60.Rd7+ Ke5 61.Rf3 g6 62.Ng4+ 1-0

[Event "Moscow Open 2009 B"]
[Site "www.moscowchessopen.ru"]
[Date "2009.02.04"]
[Round "5.63"]
[White "Bukhteeva, Viktoria"]
[Black "Kleiman, B"]
[Result "0-1"]
[WhiteElo "2154"]
[BlackElo "2295"]
[Annotator ""]
[Source ""]
[Remark ""]

1.e4 c5 2.Nf3 Nc6 3.Bb5 d6 4.d4 cxd4 5.Qxd4 Bd7 6.Bxc6 Bxc6 7.Nc3
Nf6 8.Bg5 e6 9.O-O-O Be7 10.Rhe1 Qa5 11.Qd2 O-O 12.Kb1 Kh8 13.Nd4
Rac8 14.f4 Rfd8 15.Qe2 a6 16.e5 dxe5 17.fxe5 Nd5 18.Nxd5 Bxd5
19.Bxe7 Qxa2+ 20.Kc1 Qa1+ 21.Kd2 Qxb2 22.Ke3 Rd7 23.Bd6 Qc3+
24.Kf2 Qa5 25.Kg1 Rc4 26.Qd2 Qd8 27.Re3 Qg5 28.Rg3 Qxd2 29.Rxd2
Kg8 30.Nf5 exf5 31.Rxd5 Rxc2 32.Rb3 h6 33.Rc5 Rxc5 34.Bxc5 Rd5
35.Bd6 b5 36.Ra3 f6 37.Re3 fxe5 38.Bxe5 b4 39.Bc7 Kf7 40.Kf2
Rb5 41.Re5 Rb7 42.Ba5 b3 43.Re1 g5 44.Bc3 Rc7 45.Bb2 f4 46.Re4
a5 47.Ke1 Kg6 48.Re6+ Kf5 49.Re2 a4 50.Kd1 Rc4 51.Rd2 g4 52.Rd5+
Ke4 53.Re5+ Kd3 54.Rd5+ Ke3 55.Re5+ Kf2 56.Re2+ Kg1 57.h3 f3 0-1

[Event "Moscow Open 2009 B"]
[Site "www.moscowchessopen.ru"]
[Date "2009.02.04"]
[Round "5.64"]
[White "Kavalenia, Leonid"]
[Black "Senkow, Alexandr"]
[Result "1-0"]
[WhiteElo "2295"]
[BlackElo "2149"]
[Annotator ""]
[Source ""]
[Remark ""]

1.d4 Nf6 2.Bg5 Ne4 3.Bh4 d5 4.f3 Nf6 5.Nc3 e6 6.e4 Be7 7.Bf2
Bb4 8.e5 Nfd7 9.a3 Bxc3+ 10.bxc3 c5 11.Qd2 Qb6 12.c4 Qb2 13.Rd1
Nc6 14.cxd5 exd5 15.c3 Qxa3 16.Ne2 cxd4 17.cxd4 Nb6 18.Nc3 O-O
19.Be2 a6 20.O-O Qe7 21.f4 Bd7 22.Rb1 Qd8 23.Qb2 Nc4 24.Bxc4
dxc4 25.d5 Ne7 26.Qxb7 Bf5 27.Rb6 Bd3 28.Bh4 f6 29.Re1 Ng6 30.e6
Nxh4 31.e7 Qe8 32.d6 Qg6 33.d7 h5 34.Qxa8 1-0

[Event "Moscow Open 2009 B"]
[Site "www.moscowchessopen.ru"]
[Date "2009.02.04"]
[Round "5.65"]
[White "Kalinin, Anatoly"]
[Black "Savitskiy, Sergey"]
[Result "0-1"]
[WhiteElo "2293"]
[BlackElo "2143"]
[Annotator ""]
[Source ""]
[Remark ""]

1.c4 Nf6 2.d4 g6 3.Nc3 Bg7 4.e4 d6 5.Be2 O-O 6.Be3 e5 7.d5 c6
8.h3 cxd5 9.cxd5 Nbd7 10.Nf3 Nc5 11.Nd2 a5 12.g4 Ne8 13.O-O f5
14.f3 Qh4 15.Kg2 Bh6 16.Bf2 Qe7 17.Rc1 Bd7 18.Rc2 Rb8 19.a3 a4
20.Nc4 fxe4 21.Nxe4 Nxe4 22.fxe4 b5 23.Na5 Qg5 24.Nc6 Rb7 25.Qd3
Nf6 26.Bf3 Nh5 27.Qd1 Nf4+ 28.Kh2 Qf6 29.Rc3 Bg5 30.Qe1 h5 31.h4
hxg4 32.hxg5 Qh8+ 33.Bh4 gxf3 34.Rfxf3 Bg4 35.Kg3 Bxf3 36.Rxf3
Qxh4+ 0-1

[Event "Moscow Open 2009 B"]
[Site "www.moscowchessopen.ru"]
[Date "2009.02.04"]
[Round "5.66"]
[White "Kuznesov, Andrei"]
[Black "Rosanov, Lev I"]
[Result "1-0"]
[WhiteElo "2286"]
[BlackElo "2129"]
[Annotator ""]
[Source ""]
[Remark ""]

1.e4 e5 2.Nf3 Nc6 3.Bb5 f5 4.Nc3 fxe4 5.Nxe4 d5 6.Nxe5 dxe4 7.Nxc6
Qg5 8.Qe2 Nf6 9.f4 Qxf4 10.d4 Qh4+ 11.g3 Qh3 12.Ne5+ c6 13.Bc4
Be6 14.Bf4 Be7 15.O-O-O O-O 16.Rhf1 Rae8 17.Bb3 Bxb3 18.axb3
Qe6 19.Kb1 a5 20.g4 a4 21.bxa4 Ra8 22.b3 Nd5 23.Bd2 e3 24.Be1
Rf2 25.Rxf2 exf2 26.Qxf2 b5 27.Qf5 Qd6 28.Qf7+ Kh8 29.Rd3 Rf8
30.Qxf8+ 1-0

[Event "Moscow Open 2009 B"]
[Site "www.moscowchessopen.ru"]
[Date "2009.02.04"]
[Round "5.67"]
[White "Kartsev, Sergei"]
[Black "Volkov, Sergei"]
[Result "1/2-1/2"]
[WhiteElo "2114"]
[BlackElo "2286"]
[Annotator ""]
[Source ""]
[Remark ""]

1.e4 c5 2.Nf3 e6 3.d4 cxd4 4.Nxd4 a6 5.Bd3 Nc6 6.Be3 Nge7 7.O-O
b5 8.Nb3 g6 9.a4 bxa4 10.Rxa4 Bg7 11.Qd2 O-O 12.Bh6 Qb6 13.Bxg7
Kxg7 14.Qc3+ f6 15.Qc5 Qb8 16.Nc3 d6 17.Qe3 a5 18.Rfa1 Bd7 19.Bb5
Qc7 20.Qd2 Rfb8 21.Rd1 Nc8 22.Nc5 Ra7 23.Na6 Rxa6 24.Bxa6 Nb4
25.Bxc8 Bxa4 26.Nxa4 Rxc8 27.c3 Na6 28.Qxd6 Qxd6 29.Rxd6 Nc5
30.Nxc5 Rxc5 31.Rd7+ Kh6 32.Rb7 a4 33.Ra7 Rb5 34.Rxa4 Rxb2 35.g3
Rc2 36.Rc4 e5 37.h4 f5 38.exf5 gxf5 39.Rc5 Kg6 40.Rxe5 Rxc3 41.Re6+
Kf7 42.Ra6 Rc2 43.Kg2 Rc3 44.h5 Rd3 45.Ra7+ Kf6 46.Rxh7 Kg5 47.f4+
Kf6 48.Rh6+ Kf7 49.Rg6 Rb3 50.Rg5 Kf6 51.h6 Rb2+ 52.Kh3 Rb1 53.Kg2
Rb2+ 54.Kf3 Rh2 55.Rg8 Rxh6 1/2-1/2

[Event "Moscow Open 2009 B"]
[Site "www.moscowchessopen.ru"]
[Date "2009.02.04"]
[Round "5.68"]
[White "Chapurin, A"]
[Black "Khatoev, Eduard"]
[Result "0-1"]
[WhiteElo "2280"]
[BlackElo "2120"]
[Annotator ""]
[Source ""]
[Remark ""]

1.c4 e5 2.Nc3 Nf6 3.Nf3 Nc6 4.e3 Bb4 5.Qc2 Bxc3 6.Qxc3 Qe7 7.Be2
d5 8.d3 O-O 9.O-O dxc4 10.dxc4 Ne4 11.Qb3 a5 12.Bd2 a4 13.Qc2
Bf5 14.Qc1 Rfd8 15.Rd1 Nxd2 16.Rxd2 Rxd2 17.Qxd2 a3 18.h3 f6
19.Nh4 Be6 20.b3 Rd8 21.Qc1 e4 22.Bg4 Ne5 23.Nf5 Bxf5 24.Bxf5
Nd3 25.Qc3 g6 26.Bg4 f5 27.Be2 Qe5 28.Qxe5 Nxe5 29.b4 Rd2 30.Kf1
Nc6 31.b5 Nb4 32.c5 Kg7 33.Bc4 Rc2 34.Bb3 Rxc5 35.b6 c6 36.Rd1
Nd5 37.Rd4 Nxb6 38.f3 exf3 39.gxf3 Kf6 40.Kf2 Nd5 41.Ra4 Rc3
42.e4 fxe4 43.fxe4 Nf4 44.Rxa3 Nxh3+ 45.Ke2 Nf4+ 46.Kf2 Nd3+
47.Ke3 Nc1+ 48.Kd2 Nxa2 49.e5+ Ke7 50.e6 h6 0-1

[Event "Moscow Open 2009 B"]
[Site "www.moscowchessopen.ru"]
[Date "2009.02.04"]
[Round "5.69"]
[White "Repkin, Alexander"]
[Black "Volkov, Anton"]
[Result "1-0"]
[WhiteElo "2098"]
[BlackElo "2268"]
[Annotator ""]
[Source ""]
[Remark ""]

1.e4 Nf6 2.e5 Nd5 3.d4 d6 4.Nf3 Bg4 5.Be2 c6 6.O-O Bxf3 7.Bxf3
dxe5 8.dxe5 e6 9.Qe2 Qc7 10.c4 Ne7 11.b3 Nd7 12.Bb2 Ng6 13.Re1
Bb4 14.Nd2 Ngxe5 15.Be4 O-O-O 16.Bc2 Bxd2 17.Qxd2 Ng4 18.g3 Nde5
19.Qc3 Rd2 20.Be4 Rhd8 21.Rf1 f5 22.Bg2 Qf7 23.Bc1 Qh5 24.h3
Rxf2 25.Rxf2 Nxf2 26.Qxe5 Nd3 27.Qxe6+ Rd7 28.Bf4 Nxf4 29.gxf4
Kc7 30.Re1 Qh4 31.Qe5+ Kc8 32.Kh2 g5 33.Rf1 g4 34.Qxf5 g3+ 35.Kh1
Qe7 36.Rd1 1-0

[Event "Moscow Open 2009 B"]
[Site "www.moscowchessopen.ru"]
[Date "2009.02.04"]
[Round "5.70"]
[White "Musaev, Mansur"]
[Black "Buvaltsev, Andrey"]
[Result "1-0"]
[WhiteElo "2266"]
[BlackElo "2110"]
[Annotator ""]
[Source ""]
[Remark ""]

1.e4 e6 2.d4 d5 3.Nc3 dxe4 4.Nxe4 Nd7 5.Nf3 Ngf6 6.Bd3 Nxe4 7.Bxe4
Nf6 8.Bd3 b6 9.Qe2 Bb7 10.Bg5 Bd6 11.O-O-O c6 12.Kb1 Qc7 13.Rhe1
O-O-O 14.Ba6 h6 15.Bd2 Rd7 16.Bxb7+ Kxb7 17.Ne5 Bxe5 18.dxe5
Nd5 19.h4 Rhd8 20.h5 c5 21.c3 Ne7 22.Kc2 Qc6 23.Qe4 Qxe4+ 24.Rxe4
Nc6 25.Re2 Rd5 26.f4 Ne7 27.Rf1 Nf5 28.Rf3 c4 29.g4 Rd3 30.Rff2
Nh4 31.Be3 g6 32.hxg6 fxg6 33.Rh2 Nf3 34.Rxh6 Rd1 35.b4 Ne1+
36.Kb2 a5 37.b5 Nd3+ 38.Ka3 Rd5 39.Rh7+ Kb8 40.Re7 Rh1 41.Rxe6
Rxb5 42.Rxg6 Ra1 43.Rxb6+ Rxb6 44.Bxb6 Nxf4 45.e6 Nxe2 46.e7 1-0

[Event "Moscow Open 2009 B"]
[Site "www.moscowchessopen.ru"]
[Date "2009.02.04"]
[Round "5.71"]
[White "Kasyanov, Aysen"]
[Black "Andronov, Ilya"]
[Result "1-0"]
[WhiteElo "2257"]
[BlackElo "2091"]
[Annotator ""]
[Source ""]
[Remark ""]

1.d4 Nf6 2.c4 e6 3.Nc3 Bb4 4.a3 Bxc3+ 5.bxc3 c5 6.Nf3 Nc6 7.e3
d6 8.Be2 e5 9.O-O O-O 10.a4 Ne4 11.Bd3 Nf6 12.Ng5 Re8 13.Ne4
exd4 14.Nxf6+ Qxf6 15.cxd4 Nb4 16.Bb1 b6 17.a5 Ba6 18.Qa4 Bxc4
19.axb6 Bxf1 20.Kxf1 Qd8 21.bxa7 Re7 22.Qd1 Qb6 23.Qf3 d5 24.dxc5
Qxc5 25.Bb2 Nc6 26.Qf5 f6 27.Qxh7+ Kf8 28.Bg6 Qc4+ 29.Kg1 d4
30.Rc1 Qg8 31.Qxg8+ Kxg8 32.Rxc6 Rexa7 33.h4 dxe3 34.fxe3 Rb7
35.Bd4 Rbb8 36.Rc7 Rc8 37.Rf7 Ra5 38.Kf2 Rb5 39.Kf3 Ra5 40.g4
Rb5 41.g5 fxg5 42.Rxg7+ Kf8 43.Rf7+ Kg8 44.Rh7 1-0

[Event "Moscow Open 2009 B"]
[Site "www.moscowchessopen.ru"]
[Date "2009.02.04"]
[Round "5.72"]
[White "Mayorov, Vasili"]
[Black "Kotov, Andrey"]
[Result "1-0"]
[WhiteElo "2074"]
[BlackElo "2254"]
[Annotator ""]
[Source ""]
[Remark ""]

1.c4 Nf6 2.Nc3 g6 3.g3 Bg7 4.Bg2 d6 5.d3 c5 6.a3 Nc6 7.Rb1 O-O
8.b4 cxb4 9.axb4 a6 10.b5 axb5 11.cxb5 Nd4 12.e3 Ne6 13.Nge2
Ra7 14.O-O b6 15.f4 Bb7 16.e4 Qa8 17.Be3 Nd7 18.d4 f5 19.d5 Nec5
20.Bd4 Nf6 21.e5 Nxd5 22.Bxd5+ Bxd5 23.exd6 Bh1 24.Rf2 Ne4 25.Nxe4
Qxe4 26.Bxb6 Rd7 27.Qb3+ Qd5 28.Qxd5+ Bxd5 29.dxe7 Re8 30.Bd8
Bf6 31.Rd1 Bxe7 32.Bxe7 Rexe7 33.Nc3 Bc4 34.Rxd7 Rxd7 35.Rb2
Kf7 36.b6 Rb7 37.Kf2 Ke6 38.Ke3 Kd6 39.Kd4 Be6 40.Na4 Bd5 41.Nc5
Rb8 42.Rb1 Bc6 43.Rb2 Bf3 44.b7 Bc6 45.Rb6 Kc7 46.Na6+ Kxb6 47.Nxb8
Bb5 48.Nd7+ Kxb7 49.Nf8 Kc7 50.Ke5 Kd8 51.Kf6 1-0

[Event "Moscow Open 2009 B"]
[Site "www.moscowchessopen.ru"]
[Date "2009.02.04"]
[Round "5.73"]
[White "Gvilava, Maya"]
[Black "Matveev, Mikhail"]
[Result "0-1"]
[WhiteElo "2052"]
[BlackElo "2245"]
[Annotator ""]
[Source ""]
[Remark ""]

1.d4 Nf6 2.c4 c5 3.e3 e6 4.Nc3 b6 5.Be2 Bb7 6.Bf3 Nc6 7.Nge2
Be7 8.O-O O-O 9.b3 d6 10.Bb2 a6 11.Qd2 Rc8 12.Rfd1 Qc7 13.Nf4
Nb8 14.Bxb7 Qxb7 15.d5 e5 16.Nfe2 b5 17.cxb5 axb5 18.Ng3 b4 19.Nce2
Rfe8 20.Rac1 Na6 21.f4 Bf8 22.fxe5 Ng4 23.e6 fxe6 24.Nf4 e5 25.Ne6
Nc7 26.Nxc7 Rxc7 27.Ne4 Ra8 28.Ba1 Qa7 29.h3 Nf6 30.Nxf6+ gxf6
31.Rc2 Bh6 32.Kh1 Kh8 33.Rf1 Rf7 34.Rf5 Rg8 35.Qf2 Rg6 36.e4
Bf4 37.g4 Rg5 38.Rxf4 exf4 39.Qxf4 Qe7 40.Qxg5 Qxe4+ 41.Kg1 Qe1+
42.Kg2 Qxa1 43.Qf4 Qe5 44.Qc4 Re7 45.Rf2 Kg7 46.Rf5 Qe4+ 47.Qxe4
Rxe4 48.Kf2 Kg6 49.Kf3 Re1 50.Kg3 Ra1 51.Rf2 Rd1 52.Kf4 Rxd5
53.Ke4 Re5+ 54.Kd3 d5 55.Rc2 d4 56.Kc4 h5 57.gxh5+ Kxh5 58.Rf2
f5 0-1

[Event "Moscow Open 2009 B"]
[Site "www.moscowchessopen.ru"]
[Date "2009.02.04"]
[Round "5.74"]
[White "Zernyshkin, Vladislav"]
[Black "Tappyrov, Maksim"]
[Result "1-0"]
[WhiteElo "2242"]
[BlackElo "2101"]
[Annotator ""]
[Source ""]
[Remark ""]

1.e4 c5 2.f4 e6 3.Nf3 d5 4.Bb5+ Bd7 5.Bxd7+ Qxd7 6.exd5 exd5
7.Ne5 Qc7 8.Nc3 Ne7 9.Qf3 f6 10.Nd3 Qc6 11.f5 Na6 12.Qh5+ Kd7
13.O-O Rd8 14.a3 c4 15.Nf4 Nc5 16.d4 cxd3 17.Nxd3 Kc8 18.Ne2
Nxd3 19.cxd3 g6 20.fxg6 Nxg6 21.Bd2 Kb8 22.Bc3 d4 23.Be1 Qc2
24.Bg3+ Ka8 25.Qf3 Bh6 26.Bf4 Ne5 27.Qe4 Bxf4 28.Nxf4 Rhe8 29.Qxh7
Ng4 30.Qf7 Qd2 31.h3 Qe3+ 32.Kh1 Nf2+ 33.Rxf2 Qxf2 34.Ne6 Rg8
35.Rg1 Rc8 36.b4 Qg3 37.Nc5 Rg7 38.Qxf6 Rh8 39.Qf5 Rf7 40.Qe6
Re7 41.Qf5 Rhe8 42.Qd5 Rh8 43.Qf5 Rf7 44.Qe6 Re7 45.Qf5 Qe5 46.Qxe5
Rxe5 47.Ne4 Kb8 48.Rf1 a5 49.Nc5 Rh7 50.Rf4 axb4 51.axb4 b6 52.Nb3
Rc7 53.Nxd4 Rd5 54.Kh2 Rcd7 55.Nf3 Re7 56.h4 Rxd3 57.h5 Kc7 58.g4
Rd1 59.h6 Kd7 60.g5 Ke8 61.g6 Re2+ 62.Kg3 Re6 63.g7 Rg6+ 64.Kf2
Rh1 65.Rf6 Rh2+ 66.Ke3 1-0

[Event "Moscow Open 2009 B"]
[Site "www.moscowchessopen.ru"]
[Date "2009.02.04"]
[Round "5.75"]
[White "Cherny, Oleg"]
[Black "Gharagyozian, Artur"]
[Result "0-1"]
[WhiteElo "2043"]
[BlackElo "2233"]
[Annotator ""]
[Source ""]
[Remark ""]

1.d4 Nf6 2.Nf3 e6 3.c4 b6 4.g3 Ba6 5.b3 b5 6.c5 d6 7.cxd6 cxd6
8.Bg2 Bb7 9.O-O Be7 10.Qd3 a6 11.Nbd2 O-O 12.Bb2 Nc6 13.a3 Rc8
14.e4 d5 15.e5 Nd7 16.Rac1 Qb6 17.h4 Rfe8 18.Ng5 Nf8 19.f4 f6
20.exf6 Bxf6 21.Ngf3 e5 22.fxe5 Nxe5 23.Nxe5 Bxe5 24.Kh2 Bb8
25.Rxc8 Rxc8 26.Nf3 Qc7 0-1

[Event "Moscow Open 2009 B"]
[Site "www.moscowchessopen.ru"]
[Date "2009.02.04"]
[Round "5.76"]
[White "Bujakevich, Aleksandr"]
[Black "Bykov, Evgeny"]
[Result "1/2-1/2"]
[WhiteElo "2213"]
[BlackElo "2090"]
[Annotator ""]
[Source ""]
[Remark ""]

1.e4 e5 2.Nf3 Nc6 3.Bb5 a6 4.Ba4 Nf6 5.O-O Nxe4 6.d4 b5 7.Bb3
d5 8.dxe5 Be6 9.c3 Bc5 10.Qd3 O-O 11.Be3 Bxe3 12.Qxe3 Ne7 13.Nd4
c5 14.Nxe6 fxe6 15.g4 Ng6 16.f3 Qg5 17.Qxg5 Nxg5 18.Nd2 Nxe5
19.Bd1 Nd3 20.b3 Nh3+ 21.Kg2 Nhf4+ 22.Kg3 c4 23.h4 a5 24.a4 b4
25.bxc4 bxc3 26.cxd5 cxd2 27.dxe6 Nxe6 28.Ra2 Ndc5 29.Rf2 Rad8
30.Rfxd2 Rxd2 31.Rxd2 Rd8 32.Rxd8+ Nxd8 33.Kf4 Kf7 34.Ke5 Ke7
35.Bc2 Nc6+ 36.Kf4 h6 37.Ke3 Ke6 38.f4 Kd5 39.g5 Nd4 40.Bg6 Nxa4
41.f5 Ke5 42.f6 Nb6 43.fxg7 Nd5+ 44.Kd3 Ne7 45.gxh6 Kf6 46.Bh7
Ne6 47.g8Q Nxg8 48.Bxg8 Nf8 49.h5 Kg5 50.h7 Nxh7 51.Bxh7 Kxh5 1/2-1/2

[Event "Moscow Open 2009 B"]
[Site "www.moscowchessopen.ru"]
[Date "2009.02.04"]
[Round "5.77"]
[White "Demidov, Alexandr"]
[Black "Rossal, Valeriy I"]
[Result "1-0"]
[WhiteElo "2209"]
[BlackElo "2080"]
[Annotator ""]
[Source ""]
[Remark ""]

1.e4 c5 2.c3 d5 3.exd5 Qxd5 4.Nf3 Nf6 5.Na3 e6 6.d4 cxd4 7.Nb5
Na6 8.Nbxd4 Bd7 9.Bxa6 bxa6 10.Qe2 Be7 11.O-O Bb5 12.Nxb5 axb5
13.Rd1 Qb7 14.a4 bxa4 15.Rxa4 O-O 16.Be3 Nd5 17.Bd4 Rfb8 18.c4
Qb3 19.Rda1 Nb6 20.Rxa7 Rxa7 21.Rxa7 Nc8 22.Nd2 Qb4 23.Ra3 Qb7
24.Rg3 Bf8 25.Qe5 1-0